| 000 | 01346nam0a22002771 4500 | ||
|---|---|---|---|
| 001 | rc\4964612 | ||
| 005 | 20260407114116.0 | ||
| 021 |
_aRU _b[64-43537] |
||
| 035 | _a(NLR Aleph) 008960042 | ||
| 090 |
_a9058229 _c9058229 |
||
| 100 | _a20130426d1964 |||y0rusy50 ca | ||
| 101 | 0 | _arus | |
| 102 | _aRU | ||
| 105 | _ay z ||||| | ||
| 200 | 1 |
_aРезервы роста производительности труда в строительстве и снижения себестоимости строительно-монтажных работ _e[Сборник статей _fНауч. ред. канд. экон. наук А.А. Куценова] _gНауч.-исслед. ин-т экономики строительства Госстроя СССР |
|
| 210 |
_aМосква _cСтройиздат _d1964 |
||
| 215 |
_a208 с. _cграф. _d21 |
||
| 606 |
_aСтроительство _xСебестоимость _jСборники _2psbo |
||
| 606 |
_aСтроительные работы _xПроизводительность труда _jСборники _2psbo |
||
| 702 | 1 |
_aКуценова _bА.А. _4340 |
|
| 712 | 0 | 2 |
_aНИИ экономики строительства _cМосква _3RU\NLR\AUTH\889946019 _9387534 |
| 801 | 0 |
_aRU _bNLR _gpsbo |
|
| 801 | 1 |
_aRU _bELAR _2rusmarc |
|
| 852 |
_aNLR _j64-5/2907 |
||
| 942 | _cBOOK | ||
| 980 | _aNB | ||